Varia comensuración / (Record no. 26549)

MARC details
000 -LEADER
campo de control de longitud fija 01849nam a2200325 i 4500
001 - NÚMERO DE CONTROL
campo de control 26549
003 - IDENTIFICADOR DE NÚMERO DE CONTROL
campo de control ES-MaACL
005 - FECHA Y HORA DE LA ÚLTIMA TRANSACCIÓN
campo de control 20250816085941.0
007 - CAMPO FIJO DE DESCRIPCIÓN FÍSICA--INFORMACIÓN GENERAL
campo de control de longitud fija t|
008 - DATOS DE LONGITUD FIJA--INFORMACIÓN GENERAL
campo de control de longitud fija 030109s1806 sp afi |||| | spa d
080 ## - NÚMERO DE LA CLASIFICACIÓN DECIMAL UNIVERSAL
Número de la Clasificación Decimal Universal 72.01
080 ## - NÚMERO DE LA CLASIFICACIÓN DECIMAL UNIVERSAL
Número de la Clasificación Decimal Universal 730.02
100 1# - ENTRADA PRINCIPAL--NOMBRE DE PERSONA
Nombre de persona Arfe y Villafañe, Juan de.
9 (RLIN) 22671
245 10 - MENCIÓN DEL TÍTULO
Título Varia comensuración /
Mención de responsabilidad, etc. de Juan de Arfe y Villafañe.
250 ## - MENCION DE EDICION
Mención de edición Nueva edición corregida, aumentada y mejorada con estampas finas
Resto de la mención de edición por ... Josef Assensio y Torres y compañía.
260 ## - PUBLICACIÓN, DISTRIBUCIÓN, ETC.
Lugar de publicación, distribución, etc. Madrid :
Nombre del editor, distribuidor, etc. en la Imprenta Real,
Fecha de publicación, distribución, etc. 1806.
300 ## - DESCRIPCIÓN FÍSICA
Extensión 2 v. (97 lám. de grab.) :
Otras características físicas il. ;
Dimensiones 32 cm.
505 8# - NOTA DE CONTENIDO CON FORMATO
Nota de contenido con formato Contiene: I ;
Título Tratado de Geometría. Tratado de Gnomónica o Arte de construir toda especie de reloxes de sol. Tratado de Arquitectura. Tratado de medidas del cuerpo humano, su osteología, miología y modo de representar las figuras en escorzo - II ;
-- Tratado de las dimensiones, coloridos y algunas propiedades de los animales quadrúpedos más principales y raros, así terrestres como anfibios. Tratado de las dimensiones, coloridos y propiedades de las aves más principales y conocidas. Tratado de las piezas de plata y oro destinadas en las iglesias para el servicio del Culto Divino. Apéndice a las obras de Juan de Arfe en el qual (sic) se trata de la ciencia heráldica...
530 ## - NOTA DISPONIBLE DE FORMULARIO FÍSICO ADICIONAL
Nota de formato físico adicional disponible Disponible en formato digital.
650 04 - PUNTO DE ACCESO ADICIONAL DE MATERIA--TÉRMINO DE MATERIA
Término de materia o nombre geográfico como elemento de entrada Arquitectura-
Subdivisión general Composición.
9 (RLIN) 143356
650 07 - PUNTO DE ACCESO ADICIONAL DE MATERIA--TÉRMINO DE MATERIA
Término de materia o nombre geográfico como elemento de entrada Escultura
Fuente del encabezamiento o término embne
9 (RLIN) 12417
650 #4 - PUNTO DE ACCESO ADICIONAL DE MATERIA--TÉRMINO DE MATERIA
Término de materia o nombre geográfico como elemento de entrada Anatomía artística.
9 (RLIN) 145729
700 1# - ENTRADA AGREGADA--NOMBRE PERSONAL
Nombre de persona Asensio, Josef.
9 (RLIN) 146728
710 2# - ENTRADA AGREGADA--NOMBRE DE ENTIDAD CORPORATIVA
Nombre de entidad corporativa o nombre de jurisdicción como elemento de entrada Imprenta Real (Madrid)
9 (RLIN) 134468
752 ## - ENTRADA AGREGADA--NOMBRE JERÁRQUICO DEL LUGAR
País o entidad superior España -
Ciudad Madrid
852 ## - LOCALIZACIÓN
Ubicación ES-MaACL
itemnumber 27548
Número de control de estantería R-2703-04
Encuadernación Olim: D-20-21
Ubicación en estantería Depósito
856 ## - LOCALIZACIÓN Y ACCESO ELECTRÓNICOS
Identificador Uniforme de Recursos <a href="http://bdh-rd.bne.es/viewer.vm?id=0000080039&page=1 ">http://bdh-rd.bne.es/viewer.vm?id=0000080039&page=1 </a>
Nota pública Biblioteca Digital Hispánica
942 ## - ELEMENTOS DE ENTRADA SECUNDARIOS (KOHA)
Fuente del sistema de clasificación o colocación Clasificación decimal universal
Holdings
Estatus retirado Estado de pérdida Fuente del sistema de clasificación o colocación Estado de daño No para préstamo Colección Biblioteca de origen Biblioteca actual Ubicación en estantería Fecha de adquisición Total de préstamos Signatura topográfica completa Código de barras Visto por última vez Precio de reemplazo Tipo de ítem Koha
    Clasificación decimal universal     Colección digital Biblioteca del Ateneo de Madrid Biblioteca del Ateneo de Madrid Depósito 17/01/2008   R-2703-04 1027400 23/02/2023 23/02/2023 Libro impreso antiguo